Lexikon Jungscher Grundbegriffe / mit Originaltexten von C.G. Jung ; herausgegeben von Helmut Hark

Hlavní autor: Jung, Carl Gustav, 1875-1961
Další autoři: Hark, Helmut, 1936-2013
Jazyk: Němčina
Vydáno: Solothurn ; Walter-Verlag, 1994
Vydání: 3. Auflage
Témata:
Fyzický popis: 197 stran ; 21 cm
Knihy
Uloženo v:
LEADER 01317nam a2200361 i 4500
001 000984744
003 CZ BrMZK
005 20171009131504.0
007 ta
008 010907s1994 sz f d 000 0 ger
020 |a 3-530-52451-4  |q (brožováno) 
040 |a BOA001  |b cze  |e rda 
044 |a sz  |a gw 
072 7 |a 159.96  |x Zvláštní duševní stavy a procesy. Hlubinná psychologie  |2 Konspekt  |9 17 
080 |a 159.964.26  |2 MRF 
080 |a 159.964.2  |2 MRF 
080 |a (031)  |2 MRF 
100 1 |a Jung, Carl Gustav,  |d 1875-1961  |7 jn19990004107  |4 aut 
245 1 0 |a Lexikon Jungscher Grundbegriffe /  |b mit Originaltexten von C.G. Jung ; herausgegeben von Helmut Hark 
250 |a 3. Auflage 
264 1 |a Solothurn ;  |a Düsseldorf :  |b Walter-Verlag,  |c 1994 
300 |a 197 stran ;  |c 21 cm 
336 |a text  |b txt  |2 rdacontent 
337 |a bez média  |b n  |2 rdamedia 
338 |a svazek  |b nc  |2 rdacarrier 
650 0 7 |a analytická psychologie  |7 ph114038  |2 czenas 
650 0 7 |a psychoanalýza  |7 ph117255  |2 czenas 
655 7 |a slovníky  |7 fd133454  |2 czenas 
700 1 |a Hark, Helmut,  |d 1936-2013  |7 mzk2016923480  |4 edt 
910 |a BOA001  |b 2-1369.955  |b NK-0001.366 
990 |a BK 
991 |b 201608  |c NOV  |x 44  |z 000010857 
996 7 |b 2610678728  |c 2-1369.955  |l MZK  |r Sklad / do 1 hodiny  |n 0  |p dar  |w 000984744  |u 000020  |a 1  |e BOA001  |j MZK50  |s A